Europe: That Doesn't Border Poland! Quiz Stats

 Plays Quiz Updated Feb 13, 2019

Support Sporcle.
Go Orange.
Score 0/40 Timer 05:00
19 Plays Today
Hint Country % Correct
???
84.7%
???
80.2%
???
80.1%
???
77.1%
???
75.1%
???
73.6%
???
72.7%
???
72.5%
???
69.2%
???
66.9%
???
64.7%
???
64.6%
???
64.1%
???
64%
???
62.1%
???
58.6%
???
58.1%
???
56.7%
???
56.1%
???
55.5%
Hint Country % Correct
???
55.4%
???
54.6%
???
54.5%
???
53.7%
???
52.6%
???
52.1%
???
52.1%
???
51%
???
49.5%
???
49%
???
48.8%
???
48.7%
???
48.1%
???
46.9%
???
46.3%
???
45.8%
???
45.6%
???
42.6%
???
41.6%
Poland was made for you and me...???
37.9%

From the Vault

Word Race (3 Letters)

by paranoid_android

See how you did and act hip, big fun for all!
Remove Ads.
Support Sporcle.
Get the best of Sporcle when you Go Orange. This ad-free experience offers more features, more stats, and more fun while also helping to support Sporcle. Thank you for becoming a member.

Show Comments

Extras

Top Quizzes Today


Score Distribution

Your Account Isn't Verified!

In order to create a playlist on Sporcle, you need to verify the email address you used during registration. Go to your Sporcle Settings to finish the process.

Report this User

Report this user for behavior that violates our Community Guidelines.

Details: